000 00566nam a2200181Ia 4500
003 GCL
008 140319s9999 xx 000 0 ara d
040 _aGCL /
_cGCL
082 0 4 _aط
_b239.6
_bع ا
100 1 _aعبدالمنعم قنديل
245 1 0 _aاسماء بنت ابى بكر او ذات النطاقين /
_cعبدالمنعم قنديل
300 _a71
490 _aكتاب
_v0
650 0 4 _aالاسلام
650 0 4 _aسيرة الصحابة والخلفاء الراشدين
650 0 4 _aاسماء بنت ابى بكر
942 _2ddc
_cBK
999 _c42539
_d42539